Statistiken für Australien-Quiz

Klicken Sie hier um das Quiz zu spielen!

Allgemein

  • Dieses Quiz wurde 5.711 mal gespielt
  • Das Durchschnittsergebnis liegt bei 11 aus 20

Antwortstatistiken

FrageAntwort% Korrekt
Hauptstadt von AustralienCanberra
95%
Stadt mit den meisten EinwohnernSydney
95%
Kurvenförmige Waffe, die zurückkommt wenn man sie wirftBumerang
85%
Größtes Koralenriff der WeltGreat {Barrier}
Reef
82%
Begriff für die großen, isolierten Hinterlandregionen AustraliensOutback
74%
Tier auf dem Wappen AustraliensKänguru
73%
Größte Insel (Australien selbst zählt als Kontinent)Tasmanien
72%
Indigene Völker von InnenaustralienAborigines
60%
Nordoststaat mit Anfangsbuchstabe QQueensland
58%
Sehenswürdigkeit, auch als « Ayers Rock » bekanntUluru
57%
Kloakentier, das in Australien als « Platypus » bekannt istSchnabeltier
53%
Oft als die giftigste Kreatur der Welt bekanntWürfel{qualle}
50%
New South Wales war ursprünglich gegründet als...{Straf}kolonie
42%
Tier auf dem Wappen AustraliensEmu
36%
Nationaler SchmucksteinOpal
30%
Was man in der südaustralischen Nullarbor-Ebene (beinahe) nicht findetBäume
22%
Marke von streichbarem HefeextraktVegemite
22%
Nationalfeiertag am 26. Januar{Australia} Day
21%
Name, dem Australien vom Entdecker
Abel Tasman gegeben wurde
Neu-{Holland}
17%
NationalhymneAdvance Australia {Fair}
8%

Verteilung der Resultate

Perzentil nach korrekt beantworteten Fragen

Anzahl Personen mit jedem Resultat

Ihre Resultats-Entwicklung

Sie haben dieses Quiz noch nicht gespielt